| 000 | 00426nam a22001217a 4500 | ||
|---|---|---|---|
| 999 |
_c10319 _d10319 |
||
| 003 | OSt | ||
| 008 | 201218b ||||| |||| 00| 0 eng d | ||
| 245 | _aIEEMA Journal | ||
| 250 | _a2008(Apr Vol.28 No.4, May Vol.28 No.5, Jul Vol.28 No.7, Aug Vol.28 No.8, Nov Vol.28 No.9) | ||
| 260 |
_aMumbai _bIndian Electrical and Electronics Manufacturers Association |
||
| 650 | _aElectronics and Communication Engineering | ||
| 942 |
_2ddc _cBV |
||